[Event "Oceania zt 3.6 (Women)"]
[Site "Melbourne"]
[Date "2023.01.23"]
[Round "1"]
[White "Li, Chuyue Angie"]
[Black "Ryjanova, Julia"]
[Result "0-1"]
[WhiteElo "1524"]
[BlackElo "2288"]
[PlyCount "84"]
[EventDate "2023.01.09"]
[EventType "swiss"]
[EventRounds "9"]
[EventCountry "AUS"]
[SourceTitle "CBM 212 Extra"]
[Source "ChessBase"]
[SourceDate "2023.03.31"]
[SourceVersion "1"]
[SourceVersionDate "2023.03.31"]
[SourceQuality "1"]

1. e4 c6 2. d4 d5 3. e5 c5 4. dxc5 Nc6 5. Bb5 e6 6. Be3 Nge7 7. c3 Bd7 8. Bxc6 Nxc6 9. f4 Ne7 10. Nf3 Nf5 11. Bd4 Nxd4 12. Qxd4 Rc8 13. b4 b6 14. cxb6 Rc4 15. Qd2 Qxb6 16. a4 Re4+ 17. Kd1 a5 18. Ng5 Rc4 19. b5 Bc5 20. Re1 Ke7 21. f5 h6 22. fxe6 fxe6 23. Nh3 Rf8 24. g3 Be8 25. Nf4 g5 26. Nd3 Bg6 27. Nb2 Re4 28. Nd3 Be3 29. Qb2 Bh5+ 30. Kc2 Bf2 31. Qa3+ Ke8 32. Rf1 Re2+ 33. Kb3 Qc7 34. Nb2 Bc5 35. Rxf8+ Bxf8 36. Qa2 Re3 37. Kc2 Bg6+ 38. Kd2 Qxe5 39. Kc1 Rxc3+ 40. Nxc3 Qxc3+ 41. Kd1 Bh5+ 42. g4 Bxg4# 0-1